Quiz sur IShowSpeed - Statistiques

Statistiques générales
  • Ce quiz a été pris 67 fois
  • Le résultat moyen est 5 sur 12
Statistiques - réponses
Question Réponse % Correct
joueur de foot préféré Cristiano Ronaldo
94%
année de naissance 2005
73%
club de foot préféré Manchester United
63%
Etat américain dans laquelle elle se situe (un état qui n'a pas très bonne réputation) Ohio
63%
une des ses deux chansons les plus connues Shake/World Cup
63%
prénom réel (commence par un D) Darren
61%
un des deux premiers jeux sur lesquels il streamait Fortnite/NBA 2K
51%
ville de naissance Cincinnati
27%
sa religion christianisme
18%
ce à quoi il a participé le 24 septembre 2022 match de charité
12%
un de ses memes les plus connus skip skip
4%
une autre passion, hormis le foot et les jeux vidéos One Piece
2%
Aucun quiz correspondant
Distribution des résultats
% des personnes avec chaque résultat
Percentile par nombre de réponses
Votre historique - résultats
Vous n’avez pas pris ce quiz